|
|
|
|
| LEADER |
02869nam a22005415i 4500 |
| 001 |
978-3-540-34455-1 |
| 003 |
DE-He213 |
| 005 |
20170121113122.0 |
| 007 |
cr nn 008mamaa |
| 008 |
100301s2006 gw | s |||| 0|eng d |
| 020 |
|
|
|a 9783540344551
|9 978-3-540-34455-1
|
| 024 |
7 |
|
|a 10.1007/11759744
|2 doi
|
| 040 |
|
|
|d GrThAP
|
| 050 |
|
4 |
|a QA76.758
|
| 072 |
|
7 |
|a UMZ
|2 bicssc
|
| 072 |
|
7 |
|a UL
|2 bicssc
|
| 072 |
|
7 |
|a COM051230
|2 bisacsh
|
| 082 |
0 |
4 |
|a 005.1
|2 23
|
| 245 |
1 |
0 |
|a Formal Approaches to Software Testing
|h [electronic resource] :
|b 5th International Workshop, FATES 2005, Edinburgh, UK, July 11, 2005, Revised Selected Papers /
|c edited by Wolfgang Grieskamp, Carsten Weise.
|
| 264 |
|
1 |
|a Berlin, Heidelberg :
|b Springer Berlin Heidelberg :
|b Imprint: Springer,
|c 2006.
|
| 300 |
|
|
|a XII, 219 p.
|b online resource.
|
| 336 |
|
|
|a text
|b txt
|2 rdacontent
|
| 337 |
|
|
|a computer
|b c
|2 rdamedia
|
| 338 |
|
|
|a online resource
|b cr
|2 rdacarrier
|
| 347 |
|
|
|a text file
|b PDF
|2 rda
|
| 490 |
1 |
|
|a Lecture Notes in Computer Science,
|x 0302-9743 ;
|v 3997
|
| 505 |
0 |
|
|a Proceedings FATES 2005 -- Simulated Time for Testing Railway Interlockings with TTCN-3 -- Model-Based Testing Through a GUI -- Play to Test -- A Note on an Anomaly in Black-Box Testing -- A Novel Test Coverage Metric for Concurrently-Accessed Software Components -- Adaptive Random Testing by Bisection and Localization -- Interactive Testing with HOL-TestGen -- Conformance Testing Relations for Timed Systems -- Conformance Tests as Checking Experiments for Partial Nondeterministic FSM -- Calculating Probabilities of Real-Time Test Cases -- Time Unbalanced Partial Order -- Testing Systems of Concurrent Black-Boxes—An Automata-Theoretic and Decompositional Approach -- Automated Generation of Positive and Negative Tests for Parsers -- Testing from Algebraic Specifications: Test Data Set Selection by Unfolding Axioms.
|
| 650 |
|
0 |
|a Computer science.
|
| 650 |
|
0 |
|a Software engineering.
|
| 650 |
|
0 |
|a Programming languages (Electronic computers).
|
| 650 |
|
0 |
|a Computer logic.
|
| 650 |
|
0 |
|a Management information systems.
|
| 650 |
1 |
4 |
|a Computer Science.
|
| 650 |
2 |
4 |
|a Software Engineering/Programming and Operating Systems.
|
| 650 |
2 |
4 |
|a Software Engineering.
|
| 650 |
2 |
4 |
|a Programming Languages, Compilers, Interpreters.
|
| 650 |
2 |
4 |
|a Logics and Meanings of Programs.
|
| 650 |
2 |
4 |
|a Management of Computing and Information Systems.
|
| 700 |
1 |
|
|a Grieskamp, Wolfgang.
|e editor.
|
| 700 |
1 |
|
|a Weise, Carsten.
|e editor.
|
| 710 |
2 |
|
|a SpringerLink (Online service)
|
| 773 |
0 |
|
|t Springer eBooks
|
| 776 |
0 |
8 |
|i Printed edition:
|z 9783540344544
|
| 830 |
|
0 |
|a Lecture Notes in Computer Science,
|x 0302-9743 ;
|v 3997
|
| 856 |
4 |
0 |
|u http://dx.doi.org/10.1007/11759744
|z Full Text via HEAL-Link
|
| 912 |
|
|
|a ZDB-2-SCS
|
| 912 |
|
|
|a ZDB-2-LNC
|
| 950 |
|
|
|a Computer Science (Springer-11645)
|